[Event "UZB-ch 1st League"]
[Site "Tashkent"]
[Date "2007.04.12"]
[Round "8"]
[White "Uralov, Nurulla"]
[Black "Nazarov, Elyor"]
[Result "1/2-1/2"]
[WhiteElo "2185"]
[BlackElo "2265"]
[PlyCount "88"]
[EventDate "2007.04.05"]
[EventType "tourn"]
[EventRounds "11"]
[EventCountry "UZB"]
[EventCategory "1"]
[SourceTitle "EXT 2015"]
[Source "ChessBase"]
[SourceDate "2014.11.20"]
[SourceVersion "1"]
[SourceVersionDate "2014.11.20"]
[SourceQuality "1"]

1. e4 e5 2. Nf3 Nc6 3. Bb5 a6 4. Ba4 Nf6 5. 0-0 Be7 6. Re1 b5 7. Bb3 0-0 8. d3 d6 9. c3 Na5 10. Bc2 c5 11. Nbd2 g6 12. Nf1 Nh5 13. Bh6 Ng7 14. d4 Qc7 15. h3 Bb7 16. Ne3 Rfd8 17. d5 Bc8 18. Nh2 Rf8 19. b3 Nb7 20. Nhf1 Nd8 21. a4 Rb8 22. axb5 axb5 23. Bd3 f6 24. Be2 Nf7 25. Bxg7 Kxg7 26. Bg4 Bxg4 27. hxg4 b4 28. c4 Ra8 29. Nc2 Qb7 30. Qd2 Kg8 31. Ng3 Rfb8 32. Reb1 Bf8 33. Nf1 Bh6 34. Qd1 Kg7 35. Rb2 Ra7 36. Rba2 Rba8 37. Qb1 Nd8 38. f3 Qb8 39. Kf2 Nb7 40. Ke1 Kg8 41. Nfe3 Bf4 42. Nd1 Nd8 43. Nb2 Qb7 44. Na4 Nf7 1/2-1/2

[Event "UZB-ch 1st League"]
[Site "Tashkent"]
[Date "2007.04.11"]
[Round "7"]
[White "Galyamov, Vildan"]
[Black "Uralov, Nurulla"]
[Result "1-0"]
[WhiteElo "2238"]
[BlackElo "2185"]
[PlyCount "83"]
[EventDate "2007.04.05"]
[EventType "tourn"]
[EventRounds "11"]
[EventCountry "UZB"]
[EventCategory "1"]
[SourceTitle "EXT 2015"]
[Source "ChessBase"]
[SourceDate "2014.11.20"]
[SourceVersion "1"]
[SourceVersionDate "2014.11.20"]
[SourceQuality "1"]

1. e4 e5 2. Nf3 Nc6 3. Bb5 a6 4. Bxc6 dxc6 5. d4 exd4 6. Qxd4 Qxd4 7. Nxd4 c5 8. Ne2 Bd7 9. Nbc3 Bd6 10. Bf4 Bxf4 11. Nxf4 0-0-0 12. 0-0-0 Ne7 13. Rd2 g5 14. Nfd5 Ng6 15. Rhd1 Bg4 16. f3 Be6 17. Ne3 Rxd2 18. Rxd2 h5 19. Kd1 b6 20. Ke2 h4 21. Ned5 Kb7 22. Ke3 Ne5 23. b3 Rd8 24. h3 Ng6 25. Ne2 f5 26. exf5 Bxd5 27. fxg6 Re8+ 28. Kf2 Bc6 29. f4 Be4 30. fxg5 Re5 31. g3 Rxg5 32. gxh4 Rxg6 33. Nf4 Rg7 34. Ne6 Re7 35. Ng5 Bg6 36. Kf3 Kc6 37. Kg4 c4 38. h5 Be8 39. h6 Bg6 40. h4 c3 41. Rf2 Kd5 42. h5 1-0

[Event "UZB-ch 1st League"]
[Site "Tashkent"]
[Date "2007.04.07"]
[Round "3"]
[White "Uralov, Nurulla"]
[Black "Saidov, Beqali"]
[Result "1/2-1/2"]
[WhiteElo "2185"]
[BlackElo "2297"]
[PlyCount "24"]
[EventDate "2007.04.05"]
[EventType "tourn"]
[EventRounds "11"]
[EventCountry "UZB"]
[EventCategory "1"]
[SourceTitle "EXT 2015"]
[Source "ChessBase"]
[SourceDate "2014.11.20"]
[SourceVersion "1"]
[SourceVersionDate "2014.11.20"]
[SourceQuality "1"]

1. e4 c5 2. c3 Nf6 3. e5 Nd5 4. d4 e6 5. Nf3 cxd4 6. Qxd4 Nc6 7. Qe4 d6 8. Nbd2 dxe5 9. Nxe5 Nxe5 10. Qxe5 a6 11. Ne4 Qc7 12. Qxc7 Nxc7 1/2-1/2